Clùsula general antiabuso Del anl̀isis ter̤ico a la aplicacin̤ prc̀tica /

Detalles Bibliográficos
Autor principal: Ramr̕ez Pardo, Hčtor Gustavo
Formato: eBook
Lenguaje:español
Publicado: Bogot:̀ Editorial Universidad de Rosario (Colombia), 2016
Materias:
Acceso en línea:Acceso restringido

MARC

LEADER 00000nam a22000007a 4500
005 20161209163952.0
007 cr|||| ||||
008 161209s2016 co |||||s|||| 00||0 spa d
020 |a 978-958-738-730-8 
035 |a 14595 
040 |a vLex 
090 |c 6442  |d 6442 
100 1 |a Ramr̕ez Pardo, Hčtor Gustavo 
245 1 0 |a Clùsula general antiabuso  |h [Recurso electrn̤ico] :  |b Del anl̀isis ter̤ico a la aplicacin̤ prc̀tica /  |c Hčtor Gustavo Ramr̕ez Pardo 
256 |a Servicio en ln̕ea 
260 |a Bogot:̀  |b Editorial Universidad de Rosario (Colombia),  |c 2016 
300 |a 1 recurso electrn̤ico 
506 1 |a Disponible solo en los productos indicados  |d vLex Global  |d vLex Global (Academic Edition, excluding Law Schools)  |d vLex Global (U.S. Academic Edition, Law Schools)  |d vLex Global (U.S. Academic Edition, excluding Law Schools)  |d vLex Global (Academic Edition, Law Schools) 
650 0 4 |a Derecho Fiscal  |z Colombia 
740 0 |a vLex Libros (Servicio en ln̕ea) 
856 4 0 |u http://vlex.com/source/clausula-general-antiabuso-14595  |z Acceso restringido 
942 |c BOOK 
999 0 |a Tax Law